000
00241nam a2200097Ia 4500
082
_a
J 303.49 TAMB
245
0
_a
Future
100
_a
TAMBINI, Michael London, 2002
_9
73010
942
_c
BK
008
210817s9999 xx 000 0 und d
999
_c
238938
_d
238938